Movies Venn Diagram II Quiz Stats

 Plays Quiz Updated Jan 19, 2018

Score 0/8 Timer 03:00
9 Plays Today
% Correct
E.T.
84.3%
Schindler's List
83.3%
The Fifth Element
82.1%
Forrest Gump
77.6%
Saving Private Ryan
74.2%
Bridge of Spies
73.3%
Cast Away
68.7%
A Beautiful Mind
53.3%

You're not logged in!

Compare scores with friends on all Sporcle quizzes.
OR
Log In

You Might Also Like...

Show Comments

Extras

Top Quizzes Today


Score Distribution

Your Account Isn't Verified!

In order to create a playlist on Sporcle, you need to verify the email address you used during registration. Go to your Sporcle Settings to finish the process.

Report this User

Report this user for behavior that violates our Community Guidelines.

Details: